Česko-anglický právnický slovník
Salvato in:
| Autore principale: | |
|---|---|
| Natura: | Libro |
| Lingua: | ceco inglese |
| Pubblicazione: |
Praha
LINDE
2005
|
| Edizione: | 3. přeprac. a rozš. vyd. |
| Soggetti: | |
| Tags: |
Nessun Tag, puoi essere il primo ad aggiungerne!!
|
MARC
| LEADER | 00000nam$a2200000$$$4500 | ||
|---|---|---|---|
| 001 | 0035278 | ||
| 005 | 20240315114418.5 | ||
| 020 | |a 80-7201-536-2 | ||
| 041 | 0 | |a cze | |
| 041 | 0 | |a eng | |
| 044 | |a CZ | ||
| 245 | 1 | 0 | |a Česko-anglický právnický slovník |c Jana Oherová ... [et al.] |
| 250 | |a 3. přeprac. a rozš. vyd. | ||
| 264 | 1 | |a Praha |b LINDE |c 2005 | |
| 300 | |a 620 s. | ||
| 610 | 2 | 0 | |a právo |
| 610 | 2 | 0 | |a jazykoveda |
| 610 | 2 | 0 | |a terminológia |
| 610 | 2 | 0 | |a jazyky cudzie |
| 610 | 2 | 0 | |a angličtina |
| 100 | 1 | |a Oherová, Jana | |